Statistics for 2023 NBA Rising Stars Participants

Click here to take the quiz!

General Stats

  • This quiz has been taken 41 times
  • The average score is 15 of 30

Answer Stats

Competition Team / Team / NumberAnswer% Correct
Team Pau / Magic / 5Paolo Banchero
94%
DNP / Rockets / 4Jalen Green
79%
Team Pau / Raptors / 4Scottie Barnes
79%
Team Joakim / Cavaliers / 4Evan Mobley
76%
Team Joakim / Thunder / 3Josh Giddey
76%
Team Pau / Kings / 13Keegan Murray
76%
Team Pau / Pistons / 23Jaden Ivey
73%
Team Joakim / Thunder / 8Jalen Williams
70%
Team Pau / Pacers / 00Bennedict Mathurin
64%
Team Deron / Magic / 22Franz Wagner
61%
Team Joakim / Rockets / 1Jabari Smith Jr.
58%
Team Deron / Jazz / 24Walker Kessler
58%
Team Deron / Rockets / 28Alperen Sengun
55%
Team Joakim / Spurs / 10Jeremy Sochan
55%
Team Pau / Pelicans / 15Jose Alvarado
48%
Team Jason / Blue Coats-76ers / 0-9Mac McClung
48%
Team Deron / Bulls / 12Ayo Dosunmu
45%
Team Deron / Clippers / 5Nah'Shon "Bones" Hyland
42%
DNP / Pistons / 0Jalen Duren
39%
Team Jason / G League Ignite / 0Scoot Henderson
39%
Team Deron / Pelicans / 25Trey Murphy III
39%
Team Pau / Pacers / 2Andrew Nembhard
36%
Team Jason / Lakers /14Scotty Pippen Jr.
33%
Team Deron / Hawks / 14AJ Griffin
30%
Team Jason / Grizzlies-Hustle / 6Kenneth Lofton Jr.
24%
Team Joakim / Knicks / 6Quentin Grimes
24%
Team Joakim / Rockets / 17Tari Eason
18%
Team Jason / G League Ignite / 11Leonard Miller
6%
Team Jason / G League Ignite / 7Mojave King
6%
Team Jason / G League Ignite / 25Sidy Cissoko
6%

Score Distribution

Percentile by Number Answered

Percent of People with Each Score

Your Score History

You have not taken this quiz